All Luffy Bounties - Statistics

General Stats
  • This quiz has been taken 154 times
  • The average score is 6 of 7
Answer Stats
Hint Answer % Correct
Post Alabasta Arc 100,000,000
96%
Post Arlong Park Arc 30,000,000
96%
Post Enies Lobby Arc 300,000,000
94%
Post Whole Cake Arc 1,500,000,000
92%
Post Wano Kuni Arc 3,000,000,000
90%
Post Dressrosa Arc 500,000,000
88%
Post Summit War Arc 400,000,000
87%
No matching quizzes found
Score Distribution
Percent of People with Each Score
Percentile by Number Answered
Your Score History
You have not taken this quiz